000 00455nam a2200157Ia 4500
999 _c59186
_d59186
003 GCL
005 20240530110155.0
008 140319s9999 xx 000 0 ara d
040 _aGCL /
_cGCL
082 0 4 _a191
_bج ف
100 0 _aجعفر ال ياسين
245 1 0 _aالفكر الفلسفى عند العرب
_cجعفر ال ياسين
260 _a[S.N] :
_bدار المناهل للطباعة والنشر
300 _a184
942 _2ddc
_cBK